000 00383nam a2200145Ia 4500
008 230917s9999||||xx |||||||||||||| ||und||
040 _e37398
_aMAIN
041 _aEnglish
082 _a954.01 C392C
100 _aChatterjee, Asim Kumar
245 0 _aCult of Skanda-Karttikeya in ancient India
260 _aCulcutta
_bPunthi Pustak
_c1970
300 _aviii, 167 p.
942 _cBK
999 _c197114
_d197114